الاسلام .. والسياسة: (Record no. 6224)

MARC details
000 -الفاتح
حقل البيانات ثابتة الطول 00844nac a22001931u 4500
008 - عناصر البيانات ثابتة الطول - معلومات عامة
حقل البيانات ثابتة الطول 080928s ua|||||r|||| 000 0 ara d
020 ## - الرقم الدولى المعيارى للكتب
الرقم الدولى المعيارى للكتاب 9772960648
082 ## - رقم تصنيف ديوى العشرى
رقم التصنيف 214.32
رقم المادة ن ج ا
رقم الطبعة 22
245 ## - بيان العنوان
العنوان الاسلام .. والسياسة:
بقية العنوان بحث فى أصول النظرية السياسية ونظام الحكم فى الاسلام/
بيان المسئوليه,etc تأليف حسين فوزى النجار
260 ## - PUBLICATION, DISTRIBUTION, ETC. (IMPRINT)
مكان الناشر او الموزع القاهرة :
اسم الناشر او الموزع مطابع دار الشعب1977،
تاريخ النشر أو التوزيع 1977.
300 ## - الوصف المادى
التعداد 326 ص؛
أبعاد الوعاء 24سم
504 ## - تبصرة ببليوجرافية
تبصرة ببليوجرافية,الخ ببليوجرافية: ص313-324
541 ## - تبصرة المصدر المباشر للتزويد
مصدر التزويد ألف باء ؛
طريقة التزويد شراء ؛
650 ## - المدخل الاضافى بالموضوع-مصطلح موضوعى
مصطلح موضوعي أو اسم جغرافي كعنصر مدخل الإسلام والسياسة
9 (RLIN) 13370
650 ## - المدخل الاضافى بالموضوع-مصطلح موضوعى
مصطلح موضوعي أو اسم جغرافي كعنصر مدخل الإسلام
9 (RLIN) 16934
التقسيم الفرعي العام النظام السياسي في
650 ## - المدخل الاضافى بالموضوع-مصطلح موضوعى
مصطلح موضوعي أو اسم جغرافي كعنصر مدخل الإسلام، نظام الحكم في
9 (RLIN) 16935
650 ## - المدخل الاضافى بالموضوع-مصطلح موضوعى
مصطلح موضوعي أو اسم جغرافي كعنصر مدخل الخلافة
9 (RLIN) 13391
942 ## - عناصر المدخل الإضافي( كوها)
Koha [default] item type Book - Borrowing
سابقة رقم الطلب 214.32 ن ج ا
مصدر التصنيف او مخطط الترفيف Dewey Decimal Classification
Holdings
حالة التراجع حالة الفقد مصدر التصنيف او خطة الترفيف تحديد مواد ( مجلدات مجمعه أو جزء أخر) حالة تلف ليس للاعارة مجموعات كوها المكان الدائم المكان الحالي موقع الترفيف تاريخ الاكتساب رقم الاستدعاء الباركود Date last seen مُعار نوع الوعاء
    Dewey Decimal Classification BOX05 Damaged   Alef-Baa Central Library Central Library Lower Floor 25/07/2010 214.32 ن ج ا 000007810 24/06/2013 29/09/2008 Book - Borrowing
    Dewey Decimal Classification       Alef-Baa Central Library Central Library Lower Floor 06/09/2009 214.32 ن ج ا 000018193 15/07/2025 12/03/2024 Book - Borrowing
    Dewey Decimal Classification       Alef-Baa Central Library Central Library Lower Floor 11/09/2011 214.32 ن ج ا 000024686 15/07/2025 04/04/2023 NB - Book (Non borrowing)